000 00303nam a2200133Ia 4500
008 190723s9999 xx 000 0 und d
020 _a978-0691-16516-5
100 _aRichard L. Gregory
245 0 _aEye and Brain
250 _a5th
260 _aUK
_bPrinceton
_c1997
300 _a277:p
942 _cBK
999 _c1543
_d1543